000 00993nam a2200289 i 4500
001 000044878
003 DO-SdBNP
005 20240521092853.0
007 ta
008 150115s2014 dr ac 000 0 spa d
020 _a9789945166378
040 _aDO-SdBNP
_bspa
_cBNPHU
_erda
082 4 _222
100 1 _aHamlet, Hermann,
_d1934-2016
_936649
_eautor
245 1 0 _aFidel Trujillo USA 1958-1961 /
_cHamlet Hermann ; corrección de estilo, Felipe Ciprián
264 _aSanto Domingo :
_bBúho,
_c2014.
300 _a400 páginas :
_bilustraciones, retratos ;
_c23 cm.
336 _2rdacontent
_atexto
_btxt
337 _2rdamedia
_asin mediación
_bn
338 _2rdacarrier
_avolumen
_bnc
500 _aIncluye referencias bibliográficas y notas al pie de las páginas
500 _aIncluye datos biográficos del autor en la contracubierta.
500 _aIncluye índice onomástico
504 _aBibliografía : p. 397-400
590 _aInventariado, 2024/BT
942 _2ddc
_cLBS1
999 _c44367
_d44367